Soccer players quiz - Statistics

General Stats
  • This quiz has been taken 157 times
  • The average score is 9 of 15
Answer Stats
Hint Answer % Correct
M in msn Lionel Messi
98%
Highest jump Cristiano Ronaldo
96%
n in msn Neymar Jr
94%
s in msn Luis suarez
89%
best asian player Heung-Min Son
80%
fastest player currently kylian mbappe
79%
No trophies Harry Kane
74%
best african player Mohamed Salah
54%
fastest player of all time thierry henry
44%
hottest player of all time David Beckham
43%
best freekicks Roberto Carlos
31%
best captain of all time Carles Puyol
26%
Most over rated player Pele
22%
most underrated player Angel di maria
12%
best at headers zinedine zidane
11%
No matching quizzes found
Score Distribution
Percent of People with Each Score
Percentile by Number Answered
Your Score History
You have not taken this quiz